Missing Word: Picture Books Quiz Stats

 Plays Quiz Updated Jan 23, 2015

Challenge
Share
Tweet
Embed
Score 0/16 Timer 03:00
2 Plays Today
Title Word % Correct
Curious _____George
95.9%
Cloudy With a Chance of _____Meatballs
94.6%
_____ Hears a Who!Horton
92.6%
Where the _____ Things AreWild
92.1%
The _____ ExpressPolar
90.5%
The Very _____ CaterpillarHungry
86.1%
The _____ RabbitVelveteen
65.4%
_____ and the Purple CrayonHarold
49.1%
Title Word % Correct
May I Bring a _____?Friend
41%
Go, _____. Go!Dog
36.5%
The _____ FishRainbow
35.4%
The _____ Little PuppyPoky
33.1%
Strega _____Nona
30%
Make Way for _____Ducklings
26.7%
Lilly's Purple Plastic _____Purse
21.9%
_____ for SalBlueberries
21.5%

Today's Daily Dose

You're not logged in!

Compare scores with friends on all Sporcle quizzes.
OR
Log In

You Might Also Like...

Show Comments

Extras

Top Quizzes Today


Score Distribution

Your Account Isn't Verified!

In order to create a playlist on Sporcle, you need to verify the email address you used during registration. Go to your Sporcle Settings to finish the process.

Report this User

Report this user for behavior that violates our Community Guidelines.

Details: